000 01454nam a2200313 a 4500
001 000022992
005 20240513194009.0
008 101124s1996 mx a 001 0 spa d
020 _a968880696x
040 _aDO-SdBNP
_bspa
_cBNPHU
082 _a005.7406
_bK93p, 1996
100 1 _aKroenke, David M.
_947288
240 1 0 _aDatabase processing, fundamental, desing and implementation.
_lEspañol.
245 1 0 _aProcesamiento de bases de datos :
_bfundamentos, diseño e instrumentación /
_cDavid M. Kroenke ; traducción de Miguel Ángel Martínez Sarmiento, Gabriel Sánchez García ; revisión técnica de Raymundo Hugo Rangel Gutiérrez ; editado por Luis Gerardo Cedeño Plascencia.
250 _a5a ed.
260 _aMéxico :
_bPrentice Hall Hispanoamericana,
_c1996.
300 _ax, 605 p. :
_bil. ;
_c25 cm. +
_eDiskette.
500 _aIncluye índice y glosario.
534 _pTraducido de la obra en inglés:
_tDatabase processing, fundamentals, design and implementation.
650 4 _aDiseño de bases de datos
_947289
650 0 _aAdministración de bases de datos
_947290
650 4 _aSistemas de almacenamiento y recuperación de información
_947291
700 1 _aMartínez Sarmiento, Miguel Ángel,
_etr.
_947292
700 1 _aSánchez García, Gabriel,
_etr.
_944836
700 1 _aRangel Gutiérrez, Raymundo Hugo,
_erev.
_947293
700 1 _aCedeño Plascencia, Luis Gerardo,
_eed.
_947294
910 _aWM
049 _aBNGR
999 _c22489
_d22489